Finis les paroles- Hamza - Statistiques

Statistiques générales
  • Ce quiz a été pris 496 fois
  • Le résultat moyen est 6 sur 12
Statistiques - réponses
Hint Réponse % Correct
Qui tiendra ma main le jour où j’tomberai dans le... vide
90%
J’faisais partie d’son cœur avant qu’elle me dise... bye-bye
79%
Tu sais qu’ils veulent voir mon sang couler comme tes dernières... larmes
79%
Oui c’est sur toi qu’vais miser, t’es le diable mais déguisé, un code impossible à... déchiffrer
63%
Tout est plus beau quand j’suis hors de... moi
63%
J’ai rêvé que tu meurs pour que personne d’autre ne tombe sur ton... chemin
56%
Mon cœur est plein d’peur, peur que quelqu’un d’autre vienne et qu’il s’empare du... tien
55%
C’est toujours le diable qui m’accueille, je sais qu’un jour j’finirai... seul
52%
J’sais d’où je viens, je sais où je vais, quoi que je fasse, je n’ai aucun... regret
48%
Si c’est pour être comme vous, j’préfère rester.... fou
40%
Leur haine est forte, mais heureusement qu’l’argent nous... stimule
12%
Mon cœur est noir mais la vision est.. rouge
9%
Aucun quiz correspondant
Distribution des résultats
% des personnes avec chaque résultat
Percentile par nombre de réponses
Votre historique - résultats
Vous n’avez pas pris ce quiz